01436cam a2200313 i 45000010005000000030008000050050017000130080041000300200024000710350018000950400029001130410008001420820030001501110102001802450197002822600065004793000024005445000086005686500052006546500043007066500046007496500056007957000027008517100040008787100039009189420012009579990015009699520138009843526BD-RjUL20211208233739.0131219r19811979sz i100 0 eng d a9221021491 (pbk.) : a(BD-RjUL)3560 aDLCcDLCdDLCd1979beng aeng00a307.7209678219bOVE 19812 aWorkshop on Alternative Agrarian Systems and Rural Developmentd(1979 :cArusha, Tanzania)91113810aOvercoming rural underdevelopment :bproceedings of a Workshop on Alternative Agrarian Systems and Rural Development, Arusha, Tanzania, 4-14 April, 1979 /cedited by Dharam Ghai ... [et. al.]. aGeneva :bInternational Labour Off.,c1979 [reprinted 1981]. avi, 98 p. ;c24 cm. aSponsored by the University of Dar es Salaam and the International Labour Office. 0aRural developmentzTanzaniaxCongresses.911120 0aVillageszTanzaniaxCongresses.911121 0aLand tenurezTanzaniaxCongresses.911122 0aAgriculture and statezTanzaniaxCongresses.9111231 aGhai, Dharam P.9111242 aUniversity of Dar es Salaam.9111252 aInternational Labour Office.98274 2ddccBK c3526d3526 00102ddc40708NFICaRUCLbRUCLcStackd1982-06-28eHefferg3.15l0o307.7209678 OVE 1981r2013-12-19 00:00:00tC-2w2021-12-08yBK